000
00316nam a22001217a 4500
008
160511b xxu||||| |||| 00| 0 eng d
020
_a
9780071401944
020
_a
0071401946
041
_a
eng
080
_a
316.77
245
_a
Crucial conversations:
_c
Kerry Patterson; Joseph Grenny; Ron McMillan;
942
_2
udc
_c
BK
999
_c
2039
_d
2039